| 000 | 00980cam a22001814a 4500 | ||
|---|---|---|---|
| 005 | 20250605164055.0 | ||
| 008 | 250528s ||||||||||||||||||||||||d | ||
| 035 | _a17432 | ||
| 040 |
_aGR-AtMCL _bgre _dGR-AtMCL _eAACR2 |
||
| 245 | 1 | _aΣημειώσεις Αντισεισμικής Τεχνολογίας / Μάθημα 8ου εξαμηνου Δομοστατικών: Τεχνική Σεισμολογία - Απλές Αντισεισμικές Κατασκευές | |
| 260 |
_bΕθνικό Μετσόβιο Πολυτεχνείο, _c1996 |
||
| 300 | _a94 | ||
| 520 | _aΓένεση Σεισμών, Παράμετροι στην Εστία και Διαμόρφωση της Δονήσεως μέχρι το Σημείο Λήψεως, Ισχυρές Σεισμικές Δονήσεις και Φάσματα Αποκρίσεως, Το Μοντέλο του Μονωρόφου. | ||
| 700 | 1 |
_aΚαρυδής Π _93588 |
|
| 942 | _cBK | ||
| 999 |
_c2853 _d2853 |
||